[Event "Vandoeuvre op"]
[Site "Vandoeuvre"]
[Date "2004.??.??"]
[Round "1"]
[White "Bauer, Christian"]
[Black "Puscher, Sebastien"]
[Result "1-0"]
[WhiteElo "2622"]
[BlackElo "2162"]
[PlyCount "62"]
[EventDate "2004.12.26"]
[EventType "swiss"]
[EventRounds "9"]
[EventCountry "FRA"]
[SourceTitle "CBM 104 Extra"]
[Source "ChessBase"]
[SourceDate "2005.03.01"]
[SourceVersion "1"]
[SourceVersionDate "2005.03.01"]
[SourceQuality "1"]

1. e4 c5 2. Nf3 Nc6 3. d4 cxd4 4. Nxd4 g6 5. c4 Nf6 6. Nc3 d6 7. Nc2 Bg7 8. Be2 0-0 9. 0-0 Nd7 10. Bd2 Nc5 11. b4 Ne6 12. Rb1 Ned4 13. Nxd4 Nxd4 14. Bd3 e5 15. Be3 Be6 16. Qd2 Rc8 17. Nd5 Bxd5 18. cxd5 f5 19. Rfc1 Kh8 20. a4 Qf6 21. Bf1 f4 22. Bxd4 exd4 23. Be2 f3 24. Bxf3 Qh4 25. Qd3 Be5 26. g3 Qf6 27. Kg2 h5 28. Rc2 Rc7 29. h4 g5 30. hxg5 Qxg5 31. Rh1 Rh7 1-0